| 000 | 00000nam 2200000zi 4500 |
| 001 | 9.896978 |
| 003 | CaOODSP |
| 005 | 20240405134831 |
| 006 | m o d f |
| 007 | cr |n||||||||| |
| 008 | 210301e19871005oncda|| o f00| 0|eng d |
| 040 | |aCaOODSP|beng|erda|cCaOODSP |
| 043 | |an-cn--- |
| 086 | 1 |aST51-147/1987E-PDF |
| 245 | 10|aFinal report and proceedings of the Advanced Forestry Technology Forum : |ban executive forum on science and technology issues and developments, May 14, 1987, Vancouver, B.C. / |cCanadian Advanced Technology Association, Science Council of British Columbia, Ministry of State for Science and Technology. |
| 264 | 1|a[Ottawa] : |bMinistry of State for Science and Technology, |cOctober 5, 1987. |
| 300 | |a1 online resource (1 volume (various pagings)) : |bcharts, illustrations |
| 336 | |atext|btxt|2rdacontent |
| 337 | |acomputer|bc|2rdamedia |
| 338 | |aonline resource|bcr|2rdacarrier |
| 500 | |aDigitized edition from print [produced by Innovation, Science and Economic Development Canada]. |
| 650 | 0|aForests and forestry|zCanada|vCongresses. |
| 650 | 6|aForesterie|zCanada|vCongrè€s. |
| 655 | 7|aConference papers and proceedings|2lcgft |
| 655 | 7|aActes de congrès|2rvmgf |
| 710 | 1 |aCanada. |bMinistry of State, Science and Technology, |eissuing body. |
| 710 | 2 |aCanadian Advanced Technology Association, |eissuing body. |
| 710 | 2 |aScience Council of British Columbia, |eissuing body. |
| 856 | 40|qPDF|s1.24 MB|uhttps://publications.gc.ca/collections/collection_2024/isde-ised/st51/ST51-147-1987-eng.pdf |